Wireless communications : (Record no. 81938)
[ view plain ]
| 000 -LEADER | |
|---|---|
| fixed length control field | 01502nam a2200433 a 4500 |
| 001 - CONTROL NUMBER | |
| control field | 81938 |
| 003 - CONTROL NUMBER IDENTIFIER | |
| rucl marc code | BD-RjUL |
| 005 - DATE AND TIME OF LATEST TRANSACTION | |
| control field | 20230919103954.0 |
| 008 - FIXED-LENGTH DATA ELEMENTS--GENERAL INFORMATION | |
| fixed length control field | 230918r20222002ii ||||| |||| 00| 0 eng d |
| 020 ## - INTERNATIONAL STANDARD BOOK NUMBER | |
| International Standard Book Number | 013099572X |
| International Standard Book Number | 9789356066212 |
| 035 ## - SYSTEM CONTROL NUMBER | |
| System control number | (BD-RjUL)81938 |
| 040 ## - CATALOGING SOURCE | |
| Original cataloging agency | UMI |
| Language of cataloging | eng |
| Description conventions | pn |
| Transcribing agency | UMI |
| Modifying agency | OCLCQ |
| -- | BD-RjUL |
| 041 ## - LANGUAGE CODE | |
| Language code of text/sound track or separate title | eng |
| 082 04 - DEWEY DECIMAL CLASSIFICATION NUMBER | |
| Edition number | 21 |
| Classification number | 621.384 |
| Author mark and year | RAW 2022 |
| 100 1# - MAIN ENTRY--PERSONAL NAME | |
| Personal name | Rappaport, Theodore S., |
| Dates associated with a name | 1960- |
| 9 (RLIN) | 9043 |
| 245 10 - TITLE STATEMENT | |
| Title | Wireless communications : |
| Remainder of title | principles and practice / |
| Statement of responsibility, etc. | Theodore S. Rappaport. |
| 250 ## - EDITION STATEMENT | |
| Edition statement | 2nd ed.Updated |
| 260 ## - PUBLICATION, DISTRIBUTION, ETC. (IMPRINT) | |
| Place of publication, distribution, etc. | Upper Saddle River, N.J. ; |
| -- | Uttar Pradesh , India: |
| Name of publisher, distributor, etc. | Prentice Hall PTR, |
| Date of publication, distribution, etc. | ©2022, 2002 |
| 300 ## - PHYSICAL DESCRIPTION | |
| Pagination | xxv, 733 pages : |
| Illustrations | illustrations |
| Size | 25 cm. |
| 336 ## - CONTENT TYPE | |
| Content type term | text |
| Content type code | txt |
| Source | rdacontent |
| 337 ## - MEDIA TYPE | |
| Media type term | computer |
| Media type code | c |
| Source | rdamedia |
| 338 ## - CARRIER TYPE | |
| Carrier type term | online resource |
| Carrier type code | cr |
| Source | rdacarrier |
| 347 ## - DIGITAL FILE CHARACTERISTICS | |
| File type | text file |
| 504 ## - BIBLIOGRAPHY, ETC. NOTE | |
| Bibliography, etc | Includes bibliographical references and index. |
| 542 ## - INFORMATION RELATING TO COPYRIGHT STATUS | |
| Copyright statement | © 2002, 1996 Prentice Hall PTR |
| Copyright date | 2002 |
| 588 ## - SOURCE OF DESCRIPTION NOTE | |
| Source of description note | Description based on print version record. |
| 650 #0 - SUBJECT ADDED ENTRY--TOPICAL TERM | |
| Topical term or geographic name as entry element | Wireless communication systems. |
| 9 (RLIN) | 4147 |
| Topical term or geographic name as entry element | Mobile communication systems. |
| 9 (RLIN) | 4233 |
| Topical term or geographic name as entry element | Telecommunication systems. |
| 9 (RLIN) | 4134 |
| 653 ## - INDEX TERM--UNCONTROLLED | |
| Uncontrolled term | Funktechnik ; SWD-ID: 40189089 |
| Uncontrolled term | Mobile communication systems |
| Uncontrolled term | Mobilfunk ; SWD-ID: 41702803 |
| Uncontrolled term | Telecommunication systems |
| Uncontrolled term | USA ; SWD-ID: 40787047 |
| Uncontrolled term | Wireless communication systems |
| 942 ## - ADDED ENTRY ELEMENTS (KOHA) | |
| Source of classification or shelving scheme | Dewey Decimal Classification |
| Koha item type | Books |
| Lost status | Source of classification or shelving scheme | Damaged status | Not for loan | Collection code | Permanent Location | Current Location | Shelving location | Date acquired | Source of acquisition | Cost, normal purchase price | Total Checkouts | Full call number | Date last seen | Copy number | Koha item type |
|---|---|---|---|---|---|---|---|---|---|---|---|---|---|---|---|
| Dewey Decimal Classification | Not For Loan | Non-fiction | Central Library, University of Rajshahi | Central Library, University of Rajshahi | Reading Room | 05/06/2023 | Dhaka : Page mark | 873.75 | 621.384 RAW 2022 | 19/09/2023 | C-1 | Books | |||
| Dewey Decimal Classification | Non-fiction | Central Library, University of Rajshahi | Central Library, University of Rajshahi | General Stacks | 05/06/2023 | Dhaka : Page mark | 873.75 | 621.384 RAW 2022 | 19/09/2023 | C-2 | Books |